| 000 | 00968nam a2200277 a 4500 | ||
|---|---|---|---|
| 001 | |||
| 003 | |||
| 005 | 20210805114431.0 | ||
| 008 | 111006s2020 dr 000 0 spa d | ||
| 020 | _a9789945613735 | ||
| 040 |
_aBPMSU _bspa _cBPMSU |
||
| 082 |
_aRD863.3 _bB598b 2020 _222 |
||
| 100 | 1 |
_aBillini, Francisco Gregorio, _d1988-1898 |
|
| 245 | 1 | 0 |
_aBaní o Engracia y Antoñita : _bnovela / _cFrancisco Gregorio Billini ; editor Andrés Blanco Díaz |
| 260 |
_aSanto Domingo : _bArchivo General de la Nación, _c2020 _b |
||
| 300 |
_a334 p. ; _c23 cm. |
||
| 490 | 0 |
_a Archivo General de la Nación ; _aJuvenil _v15 |
|
| 500 | _3Incluye datos biográficos del autor en la solapa de la cubierta | ||
| 590 | _6Inventariado, 2021/VM | ||
| 650 | 4 | _aNovela dominicana | |
| 650 | 4 | _aLiteratura dominicana | |
| 700 | 1 |
_a Blanco Díaz, Andrés _eed. |
|
| 710 | 2 | _aArchivo General de la Nación (República Dominicana) | |
| 910 | _aVMateo | ||
| 942 |
_2ddc _cBK |
||
| 999 |
_c13626 _d13626 |
||